Estructura arrecifal del archipiélago de San Bernardo (Mar Caribe, Colombia) estudio de línea base (Registro nro. 16136)

Detalles MARC
000 -CABECERA
Campo de control 004460000a22001330004500
090 ## - CLASIFICACIÓN LOCAL
Colección AS
Consecutivo Seriadas
041 0# - IDIOMA
Código de idioma para texto/pista de sonido o título separado
100 1# - ASIENTO PRINCIPAL--NOMBRE PERSONAL
Nombre personal Ramírez, Alberto
245 10 - MENCION DE TITULO
Título Estructura arrecifal del archipiélago de San Bernardo (Mar Caribe, Colombia) estudio de línea base
700 1# - ASIENTO SECUNDARIO - NOMBRE PERSONAL
Nombre personal Miranda, Dario
700 1# - ASIENTO SECUNDARIO - NOMBRE PERSONAL
Nombre personal Viña, Gerardo
773 1# - Item fuente:
Título Trianea
Datos de la serie Acta Científica y Tecnológica
Descripción física 5
Paginas del Articulo 189-219
Lugar, editorial y fecha de publicación 1994
942 ## - ELEMENTOS ADICIONALES (KOHA)
Tipo de ítem Artículo

No hay ítems disponibles.